Feminismo inmodificado: discurso sobre la vida y el derecho

Shranjeno v:
Bibliografske podrobnosti
Glavni avtor: MacKinnon, Catharine A. (autora)
Format: Knjiga
Jezik:španščina
Izdano: Buenos Aires Siglo Veintiuno 2014
Izdaja:1a. ed
Serija:Colección Derecho y Política
Teme:
Oznake: Označite
Brez oznak, prvi označite!

MARC

LEADER 00000cam a2200000 a 4500
001 UCE2977
003 CL-VaPUC
008 140807e20140000ag |||||||||||||||||spa|d
020 |a 9789876293686 
082 0 4 |a 305.42  |b MAC  |2 21 
100 |a MacKinnon, Catharine A.  |e autora  |9 575517 
245 1 0 |a Feminismo inmodificado: discurso sobre la vida y el derecho 
250 |a 1a. ed 
300 |a 367 p 
942 |c BK 
945 |d 20140807 14:45:00  |a arojas 
260 |a Buenos Aires  |b Siglo Veintiuno  |c 2014 
650 0 |a Mujeres  |9 257649 
650 0 |a Sexualidad  |9 358183 
650 0 |a Feminismo  |9 259085 
650 7 |a GENEROS SEXUALES  |2 CL-VaPUC  |9 554801 
583 |a last modification  |c 20140807 14:45:00  |k Rodrigo Vera 
490 0 |a Colección Derecho y Política 
999 |c 356491  |d 356489 
952 |0 0  |1 0  |3 erb  |4 0  |6 305_420000000000000_MAC_2014  |7 0  |8 A  |9 463865  |a BIBDER  |b BIBDER  |i 5093635  |o 305.42 MAC 2014  |p 5093635  |r 2023-01-25  |w 2019-11-23  |y BK  |z Catalogado en:20140807  |k DER 
952 |0 0  |1 0  |3 erb  |4 0  |6 305_420000000000000_MAC_2014  |7 0  |8 A  |9 463866  |a BIBEDU  |b BIBEDU  |i 511568K  |o 305.42 MAC 2014  |p 511568K  |r 2019-11-23  |w 2019-11-23  |y BK  |z Catalogado en:20140925  |k LIT